000 00502nam a22001937a 4500
001 00028591
005 20260319142149.0
008 260319b ag ||||| |||| 00| 0 spa d
020 _a9501609200
040 _aAR-CcCEOS
_bspa
_cAR-CcCEOS
041 _aspa
080 _a294.3
090 _bDES
100 1 _aDeshimaru, Taisen
_9922
245 _aPreguntas a un Maestro Zen /
_cTaisen Deshimaru
264 _aArgentina :
_bTroquel,
_cc1992.
300 _a151 p. ;
_c24x15 cm.
942 _2udc
_cBK
_n0
999 _c28621
_d28621